000
00258nam a2200121Ia 4500
100
_a
Simpson/Alan
942
_c
BK
654
_a
Perfect 5.1
245
_a
Mastering Word Perfect 5.1
260
_b
BPB
_a
New Delhi
_c
1991
546
_a
ENGLISH
999
_c
34378
_d
34378